书目信息 |
| 题名: |
建筑钢结构设计
|
|
| 作者: | 付涛 , 严钧 编制 | |
| 分册: | ||
| 出版信息: | 北京 中国建筑工业出版社 2009.08 |
|
| 页数: | 1光盘(CD-ROM) | |
| 开本: | 12cm | |
| 丛书名: | 第2届建筑类多媒体课件大赛获奖作品系列 | |
| 单 册: | ||
| 中图分类: | TU973 | |
| 科图分类: | ||
| 主题词: | 建筑--jian zhu--钢结构--结构设计 | |
| 电子资源: | ||
| ISBN: | 978-7-89475-078-5 | |
| 000 | 01142nam 2200301 450 | |
| 001 | 012001000233 | |
| 005 | 20100510151253.14 | |
| 010 | @a978-7-89475-078-5@dCNY98.00 | |
| 100 | @a20090916d2009 km y0chiy0121 eb | |
| 101 | 0 | @achi |
| 102 | @aCN@b110000 | |
| 135 | @aaiocg ---uuuuu | |
| 200 | 1 | @a建筑钢结构设计@Ajian zhu gang jie gou she ji@f付涛, 严钧编制 |
| 210 | @a北京@c中国建筑工业出版社@d2009.08 | |
| 215 | @a1光盘(CD-ROM)@d12cm@e说明书(15页; 9cm) | |
| 225 | 2 | @a第2届建筑类多媒体课件大赛获奖作品系列@Adi2 jie jian zhu lei duo mei ti ke jian da sai huo jiang zuo pin xi lie |
| 230 | @a动画和图片 | |
| 304 | @a提名取自盘面标签 | |
| 314 | @a中国建设教育协会组织 | |
| 330 | @a本课件可配合《房屋钢结构设计》(沈祖炎等著)教材使用,内容共分四章:平台钢结构设计、轻型单层厂房设计、重型单层厂房设计、多层房屋钢结构设计。 | |
| 410 | 0 | @12001 @a第2届建筑类多媒体课件大赛获奖作品系列 |
| 606 | 0 | @a建筑@Ajian zhu@x钢结构@x结构设计 |
| 690 | @aTU973@v4 | |
| 701 | 0 | @a付涛@Afu tao@4编制 |
| 701 | 0 | @a严钧@Ayan jun@4编制 |
| 801 | 0 | @aCN@b中国建筑工业出版社@c20100510 |
| 856 | @awww.cabp.com.cn | |
| 905 | @aZUCC@dTU973@eF831 | |
| 建筑钢结构设计/付涛, 严钧编制.-北京:中国建筑工业出版社,2009.08.-动画和图片 |
| 1光盘(CD-ROM);12cm+说明书(15页; 9cm).-(第2届建筑类多媒体课件大赛获奖作品系列) |
| ISBN 978-7-89475-078-5:CNY98.00 |
| 本课件可配合《房屋钢结构设计》(沈祖炎等著)教材使用,内容共分四章:平台钢结构设计、轻型单层厂房设计、重型单层厂房设计、多层房屋钢结构设计。 |
| ● |
| 相关链接 |
|
|
|
正题名:建筑钢结构设计
索取号:TU973/F831
 
预约/预借
| 序号 | 登录号 | 条形码 | 馆藏地/架位号 | 状态 | 备注 |